<?xml version="1.0" encoding="UTF-8"?>
<record
    xmlns:xsi="http://www.w3.org/2001/XMLSchema-instance"
    xsi:schemaLocation="http://www.loc.gov/MARC21/slim http://www.loc.gov/standards/marcxml/schema/MARC21slim.xsd"
    xmlns="http://www.loc.gov/MARC21/slim">

  <leader>00723cam a2200181I  4500</leader>
  <datafield tag="040" ind1=" " ind2=" ">
    <subfield code="c">GAT</subfield>
  </datafield>
  <datafield tag="041" ind1="1" ind2=" ">
    <subfield code="h">rus</subfield>
  </datafield>
  <datafield tag="082" ind1=" " ind2=" ">
    <subfield code="a">531 MCG 1961 A084 Or.</subfield>
  </datafield>
  <datafield tag="100" ind1="1" ind2=" ">
    <subfield code="a">Tatarski&#xFFFD;&#xFFFD;, V. I.</subfield>
  </datafield>
  <datafield tag="245" ind1="1" ind2="0">
    <subfield code="a">Wave propagation in a turbulent medium.</subfield>
  </datafield>
  <datafield tag="260" ind1=" " ind2=" ">
    <subfield code="a">New York,</subfield>
    <subfield code="b">McGraw-Hill,</subfield>
    <subfield code="c">1961.</subfield>
  </datafield>
  <datafield tag="300" ind1=" " ind2=" ">
    <subfield code="a">285 p.</subfield>
    <subfield code="b">illus.</subfield>
    <subfield code="c">26 cm.</subfield>
  </datafield>
  <datafield tag="500" ind1=" " ind2=" ">
    <subfield code="a">Translation of: Teorii&#xFFFD;&#xFFFD;&#xFFFD;a&#xFFFD;&#xFFFD;&#xFFFD; fluktuat&#xFFFD;&#xFFFD;&#xFFFD;s&#xFFFD;&#xFFFD;&#xFFFD;ionnykh i&#xFFFD;&#xFFFD;&#xFFFD;a&#xFFFD;&#xFFFD;&#xFFFD;vleni&#xFFFD;&#xFFFD; (romanized form).</subfield>
  </datafield>
  <datafield tag="500" ind1=" " ind2=" ">
    <subfield code="a">"A companion volume to L.A. Chernov's Wave propagation in a random medium, also translated by R.A. Silverman, published ... in ... 1960."--Dust jacket.</subfield>
  </datafield>
  <datafield tag="650" ind1=" " ind2="0">
    <subfield code="a">Wave-motion, Theory of.</subfield>
  </datafield>
  <datafield tag="650" ind1=" " ind2="0">
    <subfield code="a">Atmospheric turbulence.</subfield>
  </datafield>
  <datafield tag="942" ind1=" " ind2=" ">
    <subfield code="c">EK</subfield>
  </datafield>
  <datafield tag="999" ind1=" " ind2=" ">
    <subfield code="c">16302</subfield>
    <subfield code="d">16302</subfield>
  </datafield>
  <datafield tag="952" ind1=" " ind2=" ">
    <subfield code="0">0</subfield>
    <subfield code="1">0</subfield>
    <subfield code="4">0</subfield>
    <subfield code="6">531_000000000000000_MCG_1961_A084_OR</subfield>
    <subfield code="7">0</subfield>
    <subfield code="9">70484</subfield>
    <subfield code="a">LBA</subfield>
    <subfield code="b">LBA</subfield>
    <subfield code="c">A084</subfield>
    <subfield code="d">2018-02-05</subfield>
    <subfield code="o">531 MCG 1961 A084 Or.</subfield>
    <subfield code="p">A24393</subfield>
    <subfield code="r">2018-02-05</subfield>
    <subfield code="w">2018-02-05</subfield>
    <subfield code="y">EK</subfield>
  </datafield>
</record>
